000 nam a22 a 4500
999 _c4098
_d4098
003 AKMAL
005 20170525110254.0
008 170525s1989 my o 000 may d
020 _a967610163X (kkt.)
040 _aAKMAL
_cAKMAL
082 0 4 _a920.71 MAR
_222
090 _a920.71
_bMAR
100 1 _aMarcose, Joe
_98020
245 1 0 _aMokhtar Dahari :
_blebih satu dekat bergelumang dengan bolasepak /
_cJoe Marcosa, Mustakim Aminuddin, Zainal Fakir
260 0 0 _aKuala Lumpur :
_bUtusan Publications & Distributors ,
_c1989
300 0 0 _av,137ms. :
_bil. ;
_c22cm.
650 0 _aSoccer
_xBiography
_zMalaysia
_98021
650 0 _aSoccer players
_zMalaysia
_98022
700 0 _aMustakim Aminuddin
_98023
700 0 _aZainol Fakir
_98024
942 _2ddc
_cBOOK